000 00693cam a22002413a 4500
001 29547
003 PGUSA
005 20140828083635.0
008 090730s2009||||xxu|||||s|||||000 | eng d
040 _aPGUSA
_beng
042 _adc
050 4 _aPA
100 1 _aDacier, André,
_d1651-1722
245 1 4 _aThe Preface to Aristotle's Art of Poetry
_h[electronic resource] /
_cAndré Dacier
260 _bProject Gutenberg,
_c2009
506 _aPublic domain in the USA.
516 _aElectronic text
653 _aAristotle, 384 BC-322 BC. Poetics
700 1 _aMonk, Samuel Holt
830 0 _aProject Gutenberg
_v29547
856 4 0 _uhttp://www.gutenberg.org/ebooks/29547
942 _cEB
999 _c258802
_d258802